000 01086aam a2200313 i 4500
001 768714001
003 CO-MdFUSB
005 20250510121740.0
007 ta
008 250510t1985 -us |||| |||| 00| 0 eng d
020 _a0-19-213222-9
040 _cCO-MdFUSB
041 _aeng
082 0 4 _223
_a242.8
_bA66o
245 1 4 _aThe Oxford book of prayer
_c/ editado por George Appleton
264 1 _bOxford University Press,
_aOxford, England :
_c[1985]
264 4 _c©1985
300 _a397 páginas
336 _atexto
_btxt
_2rdacontent
337 _2rdamedia
_asin mediación
_bn
338 _2rdacarrier
_avolumen
_bnc
505 _aOraciones de adoración - Oraciones de escrituras - Oraciones de cristianos : personal y ocasional - Oraciones de la iglesia - La oración como la escucha - Oraciones de otras tradiciones de fe - Oraciones para la unidad de la humanidad
563 _aPasta dura
650 1 4 _aLibros de oraciones \ Iglesia - Oración
700 _aAppleton, George.,
_911451
_eeditor
942 _cBK
945 _aJTF-925
999 _c45332
_d45332